| 000 | 01036nam a2200289 i 4500 | ||
|---|---|---|---|
| 003 | EG-GICUC | ||
| 005 | 20260501193008.0 | ||
| 008 | 260501s1922 fr ||||fr|||| 00| 0 fre d | ||
| 040 |
_aEG-GiCUC _bfre _cEG-GiCUC _dEG-GiCUC _eRda |
||
| 082 | 0 | 4 |
_221 _a343.425 _bLE . D |
| 092 | 0 | 4 | _221 |
| 099 | _aLaw1 10 343.425 LE . D 1922 | ||
| 100 | 1 |
_aLemonnier,Henri _eAuteur |
|
| 245 |
_aLe Droit De Réponse En Matière De Presse: _bCommentaire De La Loi Du 29 Septembre 1919/ _cHenri Lemonnier. |
||
| 264 | 1 |
_aParis: _bLibrairie De La S.té Du Recueil Sirey, _c1922. |
|
| 300 |
_a45 page ; _c 24 cm. |
||
| 336 |
_2rda contenu _a texte |
||
| 337 |
_2rda medias _aOrdinateur |
||
| 338 |
_2 transporteur rda _a Ressource en ligne |
||
| 490 |
_3Travaux De La Conférence De Droit Pénal De La Faculté De Droit _vNo.13 |
||
| 546 | _aTexte en français | ||
| 650 | 1 | _aDroit Pénal | |
| 650 | 1 | _aLégislation Relative à la Presse | |
| 856 | 4 | 0 | _uhttps://fll.law.cu.edu.eg/fulltext/bks/B10-11235.pdf |
| 905 | _a59 | ||
| 942 |
_2ddc _n0 _cBK _e21 |
||
| 999 |
_c74656 _d74656 |
||